| 000 | 00866nam a2200241Ia 4500 | ||
|---|---|---|---|
| 999 |
_c41517 _d41517 |
||
| 001 | 8184 | ||
| 003 | GE_BSU | ||
| 005 | 20200407172115.0 | ||
| 008 | 181216s2012||||ge |||||||||||||| ||geo|| | ||
| 020 | _a9789941041266 | ||
| 040 | _cGE_BSU | ||
| 041 | _ageo | ||
| 080 | _a616-097(075.8) ჩ–69 | ||
| 100 |
_aჩიქოვანი, თინათინ _96831 |
||
| 245 |
_aიმუნოლოგია : მოკლე კურსი _b[სახელმძღვ.] / _cთინათინ ჩიქოვანი. |
||
| 245 | _b | ||
| 250 | _a2-ე გამოც. | ||
| 264 |
_aთბილისი : _bსაუნჯე , _c2012. |
||
| 300 |
_a229 გვ.: _bსურ., ცხრ. + 3 ჩართ. ფ. ილ. _c29 სმ. |
||
| 653 | _aიმუნოლოგია | ||
| 653 | _aმედიცინა | ||
| 942 |
_cBK _2udc |
||